000 03843nam a2200385 a 4500
001 ebr10630523
003 CaPaEBR
006 m u
007 cr cn|||||||||
008 120125s2012 njua sb 000 0 eng d
010 _z 2012003583
020 _z9781118277553 (pbk.)
020 _z1118277554 (pbk.)
020 _z9781118356081 (e-book)
040 _aCaPaEBR
_cCaPaEBR
035 _a(OCoLC)818415249
050 1 4 _aHD9940.A2
_bT56 2012eb
082 0 4 _a338.4/7687
_223
100 1 _aTimmerman, Kelsey,
_d1979-
245 1 0 _aWhere am I wearing?
_h[electronic resource] :
_ba global tour to the countries, factories, and people that make our clothes /
_cKelsey Timmerman.
250 _aRev. and updated.
260 _aHoboken, N.J. :
_bWiley,
_cc2012.
300 _axv, 287 p. :
_bill.
504 _aIncludes bibliographical references.
505 0 _aPrologue: We have it made -- A consumer goes global -- Tattoo's tropical paradise -- Fake blood, sweat, and tears : anti-sweatshop protestors -- Jingle these -- Undercover in the underwear biz -- Bangladesh amusement park -- Inside my first sweatshop -- Child labor in action -- Arifa, the garment worker -- Hope -- No black and white, only green -- (Update for revised edition) Hungry for choices -- Labor day -- Year zero -- Those who wear Levi's -- Those who make Levi's -- Blue jean machine -- Progress -- Treasure and trash -- (Update for revised edition) The faces of crisis -- PO'ed VP -- Life at the bottom -- Growing pains -- The real China -- On a budget -- An all-American Chinese Walmart -- The Chinese fantasy -- (Update for revised edition) Migration -- For richer, for poorer -- (Update for revised edition) Restarting, again -- Return to fantasy island -- Amilcar's journey -- An American dream -- Touron goes glocal -- Appendix A: Discussion questions -- Appendix B: Note to freshman me -- Appendix C: Where are you teaching? : a guide to taking Where am I wearing? to a glocal context.
520 _a"A journalist travels the world to trace the origins of our clothesWhen journalist and traveler Kelsey Timmerman wanted to know where his clothes came from and who made them, he began a journey that would take him from Honduras to Bangladesh to Cambodia to China and back again. Where Am I Wearing? intimately describes the connection between impoverished garment workers' standards of living and the all-American material lifestyle. By introducing readers to the human element of globalization--the factory workers, their names, their families, and their way of life--Where Am I Wearing bridges the gap between global producers and consumers. New content includes: a visit to a fair trade Ethiopian shoe factory that is changing lives one job at time; updates on how workers worldwide have been squeezed by rising food costs and declining orders in the wake of the global financial crisis; and the author's search for the garment worker in Honduras who inspired the first edition of the book Kelsey Timmerman speaks and universities around the country and maintains a blog at www.whereamiwearing.com. His writing has appeared in the Christian Science Monitor and Conde; Nast Portfolio, and has aired on NPR. Enlightening and thought-provoking at once, Where Am I Wearing? puts a human face on globalization"--
_cProvided by publisher.
533 _aElectronic reproduction.
_bPalo Alto, Calif. :
_cebrary,
_d2011.
_nAvailable via World Wide Web.
_nAccess may be limited to ebrary affiliated libraries.
650 0 _aClothing trade.
650 0 _aClothing workers.
650 0 _aWages
_xClothing workers.
650 0 _aConsumers
_xAttitudes.
655 7 _aElectronic books.
_2local
710 2 _aebrary, Inc.
856 4 0 _uhttp://site.ebrary.com/lib/rucke/Doc?id=10630523
_zAn electronic book accessible through the World Wide Web; click to view
999 _c52782
_d52782